000 00262nam a2200097Ia 4500
001 643442
005 20250826153546.0
008 250824s9999 xx 000 0 und d
245 0 _aESİRLER KALESİ ALPARSLANIN AKINCISI
_cİSMAİL BİLGİN
260 _bGENÇ TİMAŞ
999 _c643442
_d643442